Historia de los juegos olímpicos
Saved in:
| Hovedforfatter: | |
|---|---|
| Format: | Bog |
| Sprog: | spansk |
| Udgivet: |
Barcelona
Hispano Europea
1955
|
| Serier: | Colección herakles
|
| Fag: | |
| Tags: |
Tilføj Tag
Ingen Tags, Vær først til at tagge denne postø!
|
MARC
| LEADER | 00000nam a2200000 a 4500 | ||
|---|---|---|---|
| 001 | UCZ0799 | ||
| 003 | CL-VaPUC | ||
| 008 | 950809e19550000SP |||||||||||||||||spa|d | ||
| 082 | 0 | 4 | |a 796.48 |b HEN |2 21 |
| 100 | 0 | |a Henry, Bill |e author |9 344084 | |
| 245 | 1 | 0 | |a Historia de los juegos olímpicos |
| 300 | |a 450 p | ||
| 942 | |c BK | ||
| 945 | |d 19950809 00:00:00 |a cmena | ||
| 260 | |a Barcelona |b Hispano Europea |c 1955 | ||
| 650 | 0 | |a Juegos Olímpicos |9 341523 | |
| 650 | 7 | |a OLIMPIADAS |2 CL-VaPUC |9 341681 | |
| 650 | 0 | |a Historia |9 255047 | |
| 650 | 0 | |a Actividades culturales |9 335506 | |
| 650 | 7 | |a DEPORTE |2 CL-VaPUC |9 344086 | |
| 583 | |a last modification |c 19950809 00:00:00 |k Rodrigo Vera | ||
| 490 | 0 | |a Colección herakles | |
| 999 | |c 237703 |d 237701 | ||
| 952 | |0 0 |1 0 |4 0 |6 796_480000000000000_HEN_1955 |7 0 |8 P |9 247323 |a BIBEDU |b BIBEDU |c BIBEDU_PB |d 2019-11-18 |i 1555634 |o 796.48 HEN 1955 |p 1555634 |r 2024-01-25 |w 2019-11-18 |y BK |k EDU | ||